00610nam a22001817a 450000500170000000800410001701000140005802000260007203500130009803700130011104000080012408200080013210000160014024500880015626000890024427000660033330000290039920100406152246.0100406t xxu||||| |||| 00| 0 eng d aENG-95974 a9788131728093c399.00 aEN-79507 bDBAD/VEN aDPL a547 aSingh, D.N. aBasic concepts of organic chemistry :cby D.N.Singhbfor competitive examinations / aNew DelhibDorling Kindersley (India) Pvt. Ltd. Licensees of Pearson Educationc2010 a14, Local Shopping Centre, Panchsheel ParkbNew Delhie110017 av, 561p. ;c24 cm. (Pbk)